000 00711nam a2200181Ia 4500
008 100921s9999 xx 000 0 und d
082 _b28542
_a301.44 थ 93
100 _aगस्ती भीमराव.
245 _aआक्रोश-बेरड समाजाची चळवळ.
260 _bराजहंस प्रकाशन, पुणे.
_c1993
300 _a391
_b---
365 _b125
520 _aस.शा.-जाती-जमाती.
630 _aआक्रोश-बेरड समाजाची चळवळ.
650 _aस.शा.-जाती-जमाती.
730 _aआक्रोश-बेरड समाजाची चळवळ.
942 _cBOOK
999 _c777655
_d777652